Personnages fille Disney - Statistiques

Statistiques générales
  • Ce quiz a été pris 187 fois
    185 depuis la dernière actualisation
  • Le résultat moyen est 14 sur 16
Statistiques - réponses
Par images Réponse % Correct
Ariel
99%
Belle
99%
Elsa
98%
Jasmine
97%
Mulan
97%
Vaiana
97%
Cendrillon
96%
Alice
95%
Anna
95%
Joie
94%
Aurore
88%
Tiana
86%
Mérida
79%
Wendy
77%
Vanellope
61%
Jessi
57%
Aucun quiz correspondant
Distribution des résultats
% des personnes avec chaque résultat
Percentile par nombre de réponses
Votre historique - résultats
Vous n’avez pas pris ce quiz depuis la dernière actualisation